000 00213nam a22000857a 4500
008 161212b xxu||||| |||| 00| 0 eng d
100 _91996
_aCBSE
245 _aModel.T.P. Physics-XII
260 _aNew Delhi
_bB.B.P.
_c2011
999 _c4835
_d4835